Naruto - Hokage - Statistiques

Statistiques générales
  • Ce quiz a été pris 1 429 fois
    1 073 depuis la dernière actualisation
  • Le résultat moyen est 7 sur 8
Statistiques - réponses
Rang du Hokage Nom du Hokage % Correct
Septième Naruto Uzumaki
100%
Sixième Kakashi Hatake
98%
Quatrième Minato Namikaze
98%
Cinquième Tsunade
98%
Premier Hashirama Senju
94%
Deuxième Tobirama Senju
93%
Troisième Hiruzen Sarutobi
88%
Huitième Shikamaru Nara
70%
Aucun quiz correspondant
Distribution des résultats
% des personnes avec chaque résultat
Percentile par nombre de réponses
Votre historique - résultats
Vous n’avez pas pris ce quiz depuis la dernière actualisation